Kāraka-dīpikā. (Record no. 64568)

MARC details
000 -LEADER
fixed length control field 00812cam a22002771 4500
001 - CONTROL NUMBER
control field sa 65006243
003 - CONTROL NUMBER IDENTIFIER
control field DLC
005 - DATE AND TIME OF LATEST TRANSACTION
control field 20260227112141.0
008 - FIXED-LENGTH DATA ELEMENTS--GENERAL INFORMATION
fixed length control field 890511s1965 ii b 000 0 hino
010 ## - LIBRARY OF CONGRESS CONTROL NUMBER
LC control number sa 65006243
035 ## - SYSTEM CONTROL NUMBER
System control number (OCoLC)19694634
040 ## - CATALOGING SOURCE
Original cataloging agency DLC
Transcribing agency WaU
Modifying agency DLC
041 0# - LANGUAGE CODE
Language code of text/sound track or separate title hinsan
042 ## - AUTHENTICATION CODE
Authentication code premarc
050 00 - LIBRARY OF CONGRESS CALL NUMBER
Classification number PK513
Item number .B4 1965
100 0# - MAIN ENTRY--PERSONAL NAME
Personal name Bhaṭṭojī Dīkṣita.
245 10 - TITLE STATEMENT
Title Kāraka-dīpikā.
260 ## - PUBLICATION, DISTRIBUTION, ETC.
Date of publication, distribution, etc. [1965]
300 ## - PHYSICAL DESCRIPTION
Extent 8, 221 p.
Dimensions 23 cm.
500 ## - GENERAL NOTE
General note Hindi or Sanskrit.
500 ## - GENERAL NOTE
General note The Siddhānta-kaumudī by Bhaṭṭojī Dīkṣita is a commentary on Pāṇini's Aṣṭādhyāyī.
504 ## - BIBLIOGRAPHY, ETC. NOTE
Bibliography, etc. note Bibliographical footnotes.
650 #0 - SUBJECT ADDED ENTRY--TOPICAL TERM
Topical term or geographic name entry element Sanskrit language
General subdivision Grammar.
700 0# - ADDED ENTRY--PERSONAL NAME
Personal name Pāṇini.
Title of a work Aṣṭādhyāyī.
700 1# - ADDED ENTRY--PERSONAL NAME
Personal name Pant, Mohan Vallabh,
Dates associated with a name 1905-

No items available.

Powered by Koha